[Event "Waldshut BM"]
[Site "Waldshut"]
[Date "1991.??.??"]
[Round "10"]
[White "Kurz, Eugen"]
[Black "Pfrommer, Christoph"]
[Result "1/2-1/2"]
[WhiteElo "2305"]
[BlackElo "2300"]

1.Nf3 Nf6 2.c4 g6 3.g3 Bg7 4.Bg2 d6 5.d4 O-O 6.O-O Nbd7 7.Nc3 e5 8.e4 exd4
9.Nxd4 Nc5 10.h3 Re8 11.Re1 Bd7 12.b4 Ne6 13.Nb3 Ng4 14.Bb2 Ne5 15.Qe2 a5
16.bxa5 Nc6 17.Nd5 Ncd4 18.Nxd4 Nxd4 19.Qd2 c5 20.Nb6 Rb8 21.Rab1 Bc6 22.Bc3 Qf6
23.Nd5 Bxd5 24.exd5 Rxe1+ 25.Qxe1 Qd8 26.Bxd4 Bxd4 27.Rb6 Qc7 28.Qb1 Ra8
29.Be4 Kg7 30.h4 Qd8 31.Kg2 Rxa5 32.Rxb7 Qa8 33.Rb8 Qa7 34.Qb6 Qxb6 35.Rxb6 Rxa2
36.Rxd6  1/2-1/2

[Event "Hoogovens-B"]
[Site "Wijk aan Zee"]
[Date "1991.??.??"]
[Round "2"]
[White "Van der Sterren, Paul"]
[Black "Nijboer, Friso"]
[Result "0-1"]
[WhiteElo "2475"]
[BlackElo "2455"]

1.d4 Nf6 2.c4 g6 3.Nf3 Bg7 4.g3 O-O 5.Bg2 d6 6.O-O Nc6 7.Nc3 a6 8.d5 Na5
9.Nd2 c5 10.Rb1 Rb8 11.b3 b5 12.Bb2 Ng4 13.h3 Nh6 14.Qc2 e5 15.dxe6 fxe6
16.e3 Bb7 17.Bxb7 Rxb7 18.cxb5 axb5 19.b4 cxb4 20.Ne2 e5 21.Qe4 Qd7 22.Kg2 Nc6
23.Qd5+ Nf7 24.e4 Kh8 25.Nf3 Ra7 26.Rfd1 Ne7 27.Qb3 Qb7 28.Qd3 Rxa2 29.Bc1 Ra4
30.Ng5 Nxg5 31.Bxg5 Ra3  0-1

[Event "Zalaegerszeg"]
[Site "Zalaegerszeg"]
[Date "1991.??.??"]
[Round "7"]
[White "Horvath, Jozsef"]
[Black "Nijboer, Friso"]
[Result "0-1"]
[WhiteElo "2515"]
[BlackElo "2465"]

1.d4 Nf6 2.c4 g6 3.Nf3 Bg7 4.g3 O-O 5.Bg2 d6 6.O-O a6 7.Nc3 Nc6 8.d5 Na5
9.Nd2 c5 10.Qc2 Rb8 11.b3 b5 12.Bb2 e5 13.Rab1 Ng4 14.Ba1 Bd7 15.cxb5 axb5
16.b4 cxb4 17.Rxb4 f5 18.h3 Nf6 19.Rfb1 e4 20.a4 e3 21.fxe3 Nh5 22.axb5 Nxg3
23.Qd3 Nb7 24.Na4 Bxa1 25.Rxa1 Ra8 26.Kh2 Nh5 27.Qd4 Qg5 28.Rc1 Rae8 29.Nf1 f4
30.Rc7 Nc5 31.Nxc5 dxc5 32.Rxc5 Rxe3 33.d6 Rxh3+ 34.Bxh3 Qh4 35.Rc3 Ng3 36.Qd5+ Kh8
37.Qe5+ Kg8 38.Rxg3 fxg3+ 39.Qxg3 Rf2+ 40.Qxf2 Qxf2+ 41.Bg2 Qc5 42.Rb3 Qxd6+
43.Ng3 Be6 44.Rb1 h5 45.b6 h4 46.b7 hxg3+ 47.Kg1 Qb8 48.e3 Kg7 49.Be4 Qa7  0-1

[Event "Zalaegerszeg"]
[Site "Zalaegerszeg"]
[Date "1991.??.??"]
[Round "9"]
[White "Vaulin, Alexander"]
[Black "Nijboer, Friso"]
[Result "1/2-1/2"]
[WhiteElo "2495"]
[BlackElo "2465"]

1.c4 g6 2.d4 Nf6 3.g3 Bg7 4.Bg2 O-O 5.Nf3 d6 6.O-O Nc6 7.Nc3 e5 8.d5 Ne7
9.e4 Ne8 10.b4 f5 11.Ba3 Kh8 12.exf5 gxf5 13.Bb2 Ng6 14.Rc1 a5 15.a3 e4 16.Ne1 Ne5
17.Qe2 axb4 18.axb4 c5 19.dxc6 bxc6 20.f4 Ng4 21.Kh1 d5 22.h3 Nh6 23.Kh2 Nd6
24.cxd5 Ba6 25.b5 Nxb5 26.Nxb5 Bxb5 27.Bxg7+ Kxg7 28.Qb2+ Kg8 29.dxc6 Bxf1
30.Bxf1 Qd6 31.Ng2 Nf7 32.Ne3 Rfb8 33.Qe2 Qf6 34.c7 Rc8 35.Qb5 Ra7 36.Qxf5 Qxf5
37.Nxf5 Rcxc7 38.Re1 Ra2+ 39.Kg1 Ra4 40.Bg2 Rc5 41.Ne3 Kf8 42.Ng4 Nd6 43.Nf6 Rc3
44.Nxh7+ Kg7 45.Ng5 e3 46.Nf3 Nf5 47.Kh2 Ra2 48.g4 Rcc2 49.Rg1 Nd6 50.Nh4 Rd2
51.Kg3 Kf6 52.Bf3 Ra3 53.Re1 Rc2 54.Ng2 Rcc3 55.g5+ Kf5 56.Nh4+ Ke6 57.Kg4 Ra4
58.Ng2 Nc4 59.Be2 Nd6 60.Bd1 Raa3 61.Bf3 Nb5 62.f5+ Ke5 63.f6 Nd6 64.h4 Rc4+
65.Kh5 Rc8 66.Kg6 Rg8+ 67.Kh7 Rb8 68.Rxe3+ Rxe3 69.Nxe3 Kf4 70.Bc6 Kxe3 71.g6 Kf4
72.f7 Nxf7 73.gxf7  1/2-1/2

[Event "Zalakaros op"]
[Site "Zalakaros"]
[Date "1991.??.??"]
[Round "5"]
[White "Horvath, Peter"]
[Black "Gazik, Igor"]
[Result "1-0"]
[WhiteElo "2335"]
[BlackElo "2395"]

1.d4 Nf6 2.Nf3 g6 3.c4 Bg7 4.g3 O-O 5.Bg2 d6 6.Nc3 Nc6 7.d5 Na5 8.Nd2 c5
9.O-O a6 10.Qc2 Rb8 11.b3 b5 12.Bb2 e6 13.Rad1 bxc4 14.bxc4 exd5 15.cxd5 Bf5
16.e4 Nxd5 17.exf5 Rxb2 18.Qxb2 Nxc3 19.Qc2 Nxd1 20.Rxd1 Qe7 21.Qa4 Qc7 22.Ne4 Bd4
23.fxg6 hxg6 24.Ng5 Bf6 25.Nh3 Rb8 26.Nf4 Be5 27.Nd5 Qd8 28.h4 c4 29.Bf1 Rc8
30.Rc1 Rc5 31.Bg2 c3 32.Qg4 Rc4 33.Be4 Qe8 34.Qf3 Nc6 35.h5 Bg7 36.hxg6 Qxe4
37.Qxf7+ Kh8 38.Nf6 Ne7 39.Qe8+  1-0

[Event "Zalakaros op"]
[Site "Zalakaros"]
[Date "1991.??.??"]
[Round "9"]
[White "Horvath, Peter"]
[Black "Portisch, Ferenc"]
[Result "0-1"]
[WhiteElo "2335"]
[BlackElo "2390"]

1.d4 Nf6 2.Nf3 g6 3.c4 Bg7 4.g3 O-O 5.Bg2 d6 6.Nc3 Nbd7 7.O-O e5 8.e4 c6
9.h3 Re8 10.Re1 a5 11.d5 Nc5 12.Qc2 cxd5 13.cxd5 Bd7 14.a4 Qb6 15.Ra3 Rec8
16.Be3 Qb4 17.Nd2 Nxa4 18.Rxa4 Rxc3 19.Rxb4 Rxc2 20.Rxb7 a4 21.Bf1 Rac8 22.Kg2 h6
23.Bd3 R2c7 24.Rb4 Ne8 25.Nc4 f5 26.f3 Bf8 27.Re2 Nf6 28.Nb6 Rb8 29.Rc2 Rxc2+
30.Bxc2 fxe4 31.fxe4 Be7 32.Bd2 Be8 33.Nc4 Rc8 34.Bxh6 g5 35.h4 Ng4 36.Bxg5 Bxg5
37.Kf3 Nh2+ 38.Ke2 Bh5+ 39.Kd3 Bh6 40.Bxa4 Ng4 41.Bc6 Nf2+ 42.Kc2 Nxe4 43.g4 Bg6
44.Kb3 Nd2+ 45.Kc3 Nxc4 46.Rxc4 e4 47.g5 Bg7+ 48.Kd2 Bxb2 49.h5 Bxh5 50.Rxe4 Be5
51.Bd7 Rc5 52.Rh4 Bf7 53.Be6 Kg7 54.Kd3 Rc3+ 55.Kd2 Rg3  0-1

[Event "Zuerich op"]
[Site "Zuerich"]
[Date "1991.??.??"]
[Round "2"]
[White "Csom, Istvan"]
[Black "Held, Markus"]
[Result "1-0"]
[WhiteElo "2480"]
[BlackElo "2275"]

1.c4 Nf6 2.Nf3 g6 3.d4 Bg7 4.g3 O-O 5.Bg2 d6 6.Nc3 Nc6 7.O-O a6 8.Qd3 e5
9.dxe5 dxe5 10.Qxd8 Rxd8 11.Bg5 Be6 12.Nd2 h6 13.Bxf6 Bxf6 14.Nde4 Be7 15.Nd5 Bxd5
16.cxd5 Nd4 17.e3 Nb5 18.Rac1 Rac8 19.a4 Na7 20.Nc5 Bxc5 21.Rxc5 c6 22.dxc6 Nxc6
23.Rfc1 Rd2 24.Bxc6 Rxc6 25.Rxc6 bxc6 26.Rxc6 Rxb2 27.Rxa6 e4 28.g4 Kg7 29.Kg2 g5
30.Rd6 Ra2 31.Rd4 Kg6 32.Rxe4 h5 33.gxh5+ Kxh5 34.Rb4 f5 35.h3 Ra1 36.Rb5 Kg6
37.a5 Ra2 38.Rb6+ Kh5 39.a6 g4 40.hxg4+ Kxg4 41.Rf6 Ra1 42.Rg6+ Kh5 43.Re6 Kg4
44.f3+ Kh4 45.f4 Kg4 46.Rg6+ Kh4 47.Kf3 Rf1+ 48.Ke2 Ra1 49.Kd3 Ra3+ 50.Kd4 Ra4+
51.Kc5 Ra3 52.Re6 Kg4 53.Kb6 Kf3 54.a7  1-0

[Event "Ajka op"]
[Site "Ajka"]
[Date "1992.??.??"]
[Round "4"]
[White "Shabtai, Ran"]
[Black "Purtov, Andrei"]
[Result "0-1"]
[WhiteElo "2320"]
[BlackElo "2440"]

1.d4 Nf6 2.Nf3 g6 3.c4 Bg7 4.g3 O-O 5.Bg2 d6 6.O-O Nc6 7.Nc3 e5 8.d5 Ne7
9.e4 Ne8 10.Ne1 f5 11.exf5 gxf5 12.f4 Ng6 13.Nc2 exf4 14.gxf4 Nh4 15.Bh3 c5
16.dxc6 bxc6 17.c5 Kh8 18.Be3 Rb8 19.Rb1 Ba6 20.Rf2 Rg8 21.Kh1 Bxc3 22.bxc3 Rxb1
23.Qxb1 Bd3  0-1

[Event "Ajka op"]
[Site "Ajka"]
[Date "1992.??.??"]
[Round "6"]
[White "Vaulin, Alexander"]
[Black "Purtov, Andrei"]
[Result "1-0"]
[WhiteElo "2515"]
[BlackElo "2440"]

1.c4 g6 2.d4 Nf6 3.Nf3 Bg7 4.g3 O-O 5.Bg2 d6 6.Nc3 Nc6 7.O-O e5 8.d5 Ne7
9.e4 Ne8 10.b4 c6 11.Be3 cxd5 12.Nxd5 Nxd5 13.Qxd5 Nf6 14.Qd3 Ng4 15.Bd2 Qc7
16.Rac1 h6 17.c5 Rd8 18.Qa3 Be6 19.cxd6 Qxd6 20.Qb2 Qa6 21.a3 Rd3 22.Bc3 Bc4
23.h3 Nf6 24.Nxe5 Rxc3 25.Qxc3 Bxf1 26.Bxf1 Qe6 27.Bc4 Nxe4 28.Bxe6 Nxc3
29.Bxf7+ Kf8 30.Rxc3 Bxe5 31.Rf3 Kg7 32.Bd5 Rf8 33.Rxf8 Kxf8 34.Bxb7 Bb2
35.a4 Bc3 36.b5 g5 37.Kg2 Ke7 38.f4 gxf4 39.gxf4 Ke6 40.Kf3 Bd2 41.Ke4 Bc3
42.Bc8+ Kd6 43.Bg4 Ba5 44.Kf5 Bd2 45.Bf3 Be3 46.h4 Bd2 47.h5 Be3 48.a5 Bd2
49.b6 a6 50.b7 Kc7 51.Bd5 Kb8 52.Ke5 Bxa5 53.f5 Bb4 54.f6 a5 55.Ke6 a4 56.Kd7 a3
57.f7 a2 58.Bxa2 Kxb7 59.Ke8 Kc7 60.f8=Q Bxf8 61.Kxf8  1-0

[Event "Simferopol/Alushta"]
[Site "Alushta"]
[Date "1992.??.??"]
[Round "?"]
[White "Fominyh, Alexander"]
[Black "Frolov, Artur"]
[Result "0-1"]
[WhiteElo "2530"]
[BlackElo "2510"]

1.d4 Nf6 2.Nf3 g6 3.c4 Bg7 4.g3 O-O 5.Bg2 d6 6.O-O Nbd7 7.Qc2 e5 8.Rd1 Re8
9.e4 exd4 10.Nxd4 Nc5 11.Nc3 Bd7 12.f3 Qc8 13.Be3 a6 14.Rac1 Bh3 15.Bh1 Nfd7
16.Nd5 Ne5 17.b4 Ne6 18.Bg2 Bxg2 19.Kxg2 a5 20.b5 b6 21.h3 Nc5 22.Rd2 Qb7
23.Re1 Rac8 24.Bf2 c6 25.bxc6 Nxc6 26.Nb5 Red8 27.Red1 Ne5 28.f4 Nc6 29.Bxc5 bxc5
30.Qb3 Rb8 31.a4 Re8 32.Qf3 Nd4 33.Qd3 Qd7 34.g4 Qe6 35.Re1 f5 36.Nxd4 Bxd4
37.Nc7 fxe4 38.Qc2 Qe7 39.Nd5 Qf7 40.Rxe4 Rb2 41.Rxe8+ Qxe8 42.Qd3 Rxd2+
43.Qxd2 Qe4+ 44.Kg3 h6 45.h4 Kh7 46.Qd1 g5 47.hxg5 hxg5 48.Qf3 Qc2 49.Kh3 Kg7
50.fxg5 Qxc4 51.Qf5 Qb3+ 52.Kh4 Bf2+ 53.Qxf2 Qxd5 54.Qf6+ Kg8 55.Qd8+ Kg7
56.Qxa5 Qe5 57.Qd2 c4 58.Qc2 c3 59.Kh5  0-1

[Event "Simferopol/Alushta"]
[Site "Alushta"]
[Date "1992.??.??"]
[Round "?"]
[White "Fominyh, Alexander"]
[Black "Kuzmin, Gennadi P"]
[Result "1-0"]
[WhiteElo "2530"]
[BlackElo "2530"]

1.d4 Nf6 2.Nf3 g6 3.c4 Bg7 4.g3 O-O 5.Bg2 d6 6.O-O Nbd7 7.Qc2 e5 8.Rd1 Re8
9.dxe5 dxe5 10.e4 c6 11.h3 Qc7 12.Be3 b6 13.Nc3 Bf8 14.Rab1 Bb7 15.b4 a5
16.a3 axb4 17.axb4 Ra3 18.Ne1 Rea8 19.Qd2 Rd8 20.Qb2 Raa8 21.Qb3 Be7 22.Nd3 Qb8
23.f4 exf4 24.gxf4 Nh5 25.e5 Ng7 26.Ne4 Qa7 27.Bf2 Ne6 28.Qb2 Qa3 29.Nd6 Qxb2
30.Rxb2 Ra7 31.Nxb7 Rxb7 32.Bxc6 Rc7 33.Bd5 Rb8 34.Ra1 Rbc8 35.Rc2 Bf8 36.Kg2 h5
37.Ra6 g5 38.f5 Ng7 39.f6 Nf5 40.e6 Nd6 41.exf7+ Kh7 42.Be6  1-0

[Event "Simferopol/Alushta"]
[Site "Alushta"]
[Date "1992.??.??"]
[Round "?"]
[White "Savon, Vladimir A"]
[Black "Frolov, Artur"]
[Result "0-1"]
[WhiteElo "2420"]
[BlackElo "2510"]

1.d4 Nf6 2.c4 g6 3.Nf3 Bg7 4.g3 O-O 5.Bg2 d6 6.Nc3 Nbd7 7.O-O e5 8.Qc2 c6
9.Rd1 Qc7 10.b3 Re8 11.dxe5 dxe5 12.e4 Nf8 13.h3 Ne6 14.Be3 Bf8 15.a3 a5
16.Ra2 b6 17.Na4 c5 18.Nc3 Nd4 19.Nxd4 cxd4 20.Bg5 dxc3 21.Bxf6 h6 22.f4 exf4
23.e5 Qc5+ 24.Kh1 Qe3  0-1

[Event "Amantea op"]
[Site "Amantea"]
[Date "1992.??.??"]
[Round "?"]
[White "Cvitan, Ognjen"]
[Black "Badea, Bela"]
[Result "1-0"]
[WhiteElo "2505"]
[BlackElo "2410"]

1.d4 Nf6 2.c4 g6 3.Nf3 Bg7 4.g3 O-O 5.Bg2 d6 6.O-O Nc6 7.Nc3 a6 8.d5 Na5
9.Nd2 c5 10.Qc2 Rb8 11.b3 b5 12.Rb1 Bd7 13.e4 Qc7 14.Bb2 bxc4 15.bxc4 Rb4
16.a3 Rbb8 17.Nd1 e6 18.Ne3 Rfe8 19.Bc3 e5 20.f4 Bh6 21.Rbe1 exf4 22.Nf5 Bxf5
23.Bxf6 Bd7 24.gxf4 Bg7 25.Bxg7 Kxg7 26.e5 dxe5 27.fxe5 Rxe5 28.Qc3 f6 29.Rxe5 fxe5
30.d6 Qxd6 31.Qxa5 Qd4+ 32.Kh1 Rb2 33.Qd8 Kh6 34.Qf8+ Kh5 35.Bf3+ Bg4 36.Rg1  1-0

[Event "Wch U26 (Women)"]
[Site "Antwerp"]
[Date "1992.??.??"]
[Round "3"]
[White "Cuevas Rodriguez, Ma Luisa"]
[Black "Stoianova, R."]
[Result "1-0"]
[WhiteElo "2200"]
[BlackElo "2045"]

1.d4 Nf6 2.c4 g6 3.Nf3 Bg7 4.g3 d6 5.Bg2 O-O 6.O-O c6 7.Nc3 Nbd7 8.e4 e5
9.h3 Re8 10.Be3 Qc7 11.Qc2 Nf8 12.Rfd1 exd4 13.Nxd4 Ne6 14.Nb3 Qe7 15.f4 Nc7
16.Qf2 Nd7 17.Rd3 Rd8 18.Rad1 Ne8 19.c5 dxc5 20.Bxc5 Nxc5 21.Rxd8 Ne6 22.R8d2 N8c7
23.Kh2 Nf8 24.Qc5 Qxc5 25.Nxc5 b6 26.Nb3 c5 27.e5 Rb8 28.Rd8 g5 29.Ne4 Ne6
30.Re8 gxf4 31.gxf4 Nxf4 32.Rdd8 Nxg2 33.Kxg2 Bb7 34.Rxb8  1-0

[Event "Donau op"]
[Site "Aschach"]
[Date "1992.??.??"]
[Round "4"]
[White "Kiss, Attila"]
[Black "Stanec, Nikolaus"]
[Result "1-0"]
[WhiteElo "2395"]
[BlackElo "2345"]

1.d4 Nf6 2.c4 g6 3.Nf3 Bg7 4.g3 O-O 5.Bg2 d6 6.O-O Nbd7 7.Nc3 e5 8.h3 Re8
9.e4 exd4 10.Nxd4 Nc5 11.Re1 a5 12.Ndb5 Bd7 13.Bf4 Ne6 14.Be3 h6 15.Qd2 Kh7
16.f4 Bc6 17.Rad1 Nd7 18.Qc2 Qc8 19.Kh2 Ndc5 20.Nd5 Bxb5 21.cxb5 Qb8 22.e5 b6
23.f5 Nd8  1-0

[Event "Donau op"]
[Site "Aschach"]
[Date "1992.??.??"]
[Round "6"]
[White "Sommerbauer, Norbert"]
[Black "Stanec, Nikolaus"]
[Result "1/2-1/2"]
[WhiteElo "2305"]
[BlackElo "2345"]

1.Nf3 Nf6 2.g3 g6 3.Bg2 Bg7 4.d4 O-O 5.c4 d6 6.Nc3 c6 7.O-O Qa5 8.h3 Be6
9.d5 cxd5 10.Nd4 Bd7 11.cxd5 Rc8 12.Be3 Na6 13.a3 Qd8 14.Rc1 Qe8 15.b4 Nc7
16.Qb3 Nb5 17.Ncxb5 Bxb5 18.Nxb5 Qxb5 19.a4 Qxe2 20.Rxc8+ Rxc8 21.Bxa7 Qc4
22.Rb1 Qxb3 23.Rxb3 Ra8 24.Be3 Rxa4 25.Rb1  1/2-1/2

[Event "Akropolis"]
[Site "Athens"]
[Date "1992.??.??"]
[Round "9"]
[White "Mastrokoukos, Georgios"]
[Black "Moutousis, Konstantinos"]
[Result "1/2-1/2"]
[WhiteElo "2330"]
[BlackElo "2405"]

1.d4 Nf6 2.c4 g6 3.Nf3 Bg7 4.g3 O-O 5.Bg2 d6 6.O-O Nbd7 7.Qc2 e5 8.Rd1 Qe7
9.Nc3 c6 10.e4 exd4 11.Nxd4 Re8 12.b3 Nc5 13.Bb2 h5 14.Rd2  1/2-1/2

[Event "AUT-chT"]
[Site "AUT"]
[Date "1992.??.??"]
[Round "?"]
[White "Sommerbauer, Norbert"]
[Black "Kargl, Kurt"]
[Result "1/2-1/2"]
[WhiteElo "2305"]
[BlackElo "2305"]

1.Nf3 Nf6 2.d4 g6 3.c4 Bg7 4.g3 O-O 5.Bg2 d6 6.Nc3 Nc6 7.O-O a6 8.b3 Rb8
9.Bb2 Re8 10.Rc1 Bd7 11.h3 b5 12.cxb5 axb5 13.e3 Na7 14.Qc2 c6 15.e4 b4 16.Na4 Nc8
17.Ne1 Nb6 18.Nxb6 Qxb6 19.Nd3 Rec8 20.Qd2 Be6 21.Rc2 Ne8 22.Nf4 Bd7 23.Rfc1 Nc7
24.e5 d5 25.a4 bxa3 26.Bxa3 Bf8 27.Nd3 Ne6 28.Nc5 Nxc5 29.Bxc5 Qxb3 30.h4 Bf5
31.Rc3 Qb2 32.Qg5 h6 33.Qf4 h5 34.Bf3 Be6 35.Qg5 Kh7 36.R1c2 Qb1+ 37.Rc1 Qb2
38.R1c2 Qb1+ 39.Kg2 Qb7 40.Ra2 Ra8 41.Rca3 Rxa3 42.Rxa3 Ra8  1/2-1/2

[Event "Bad Ragaz op"]
[Site "Bad Ragaz"]
[Date "1992.??.??"]
[Round "6"]
[White "Jurek, Josef"]
[Black "Salov, Sergei"]
[Result "1/2-1/2"]
[WhiteElo "2315"]
[BlackElo "2235"]

1.d4 Nf6 2.Nf3 g6 3.c4 Bg7 4.g3 d6 5.Bg2 O-O 6.Nc3 Nbd7 7.O-O e5 8.e4 c6
9.h3 a6 10.Be3 b5 11.dxe5 dxe5 12.Nd2 Re8 13.b4 Qe7 14.a3 Nf8 15.Bc5 Qc7
16.a4 bxa4 17.Qxa4 Ne6 18.Nb3 Nd7 19.Be3 Nd4 20.Na5 Bb7 21.c5 Nb5 22.Rac1 Nf8
23.Nd5 Qb8 24.Nb6 Ra7 25.Rfd1 Ne6 26.Kh1  1/2-1/2

[Event "Bad Ragaz op"]
[Site "Bad Ragaz"]
[Date "1992.??.??"]
[Round "7"]
[White "Jurek, Josef"]
[Black "Cvitan, Ognjen"]
[Result "1/2-1/2"]
[WhiteElo "2315"]
[BlackElo "2505"]

1.d4 Nf6 2.Nf3 g6 3.c4 Bg7 4.g3 O-O 5.Bg2 d6 6.Nc3 Nbd7 7.O-O e5 8.h3 exd4
9.Nxd4 Re8 10.e4 Nc5 11.Re1 Bd7 12.Rb1 h6 13.b3 a6 14.Bb2 c6 15.Qc2 a5 16.Rbd1 Qb6
17.Ba3 Rad8 18.Bc1 Bc8 19.Be3 Qc7 20.a3 Re7  1/2-1/2

[Event "Baden-Baden"]
[Site "Baden-Baden"]
[Date "1992.??.??"]
[Round "10"]
[White "Jussupow, Artur"]
[Black "Kindermann, Stefan"]
[Result "1-0"]
[WhiteElo "2640"]
[BlackElo "2505"]

1.d4 Nf6 2.c4 g6 3.Nf3 Bg7 4.g3 O-O 5.Bg2 d6 6.O-O Nc6 7.Nc3 a6 8.d5 Na5
9.Nd2 c5 10.Qc2 Rb8 11.b3 b5 12.Bb2 Bh6 13.f4 bxc4 14.bxc4 e5 15.dxe6 Bxe6
16.Nd5 Rxb2 17.Qxb2 Bg7 18.Qc1 Bxd5 19.cxd5 Ng4 20.Rb1 Bd4+ 21.Kh1 Ne3 22.Qa3 Re8
23.Qd3 Qa8 24.Bf3 Nxf1 25.Nxf1 Qa7 26.Nd2 Re3 27.Qc2 f5 28.Qa4 Qc7 29.g4 fxg4
30.Bxg4 Kg7 31.Nf3 Bf6 32.Be6 c4 33.f5 Rxe2 34.Rg1 Rf2 35.Qe8  1-0

[Event "Bagneux"]
[Site "Bagneux"]
[Date "1992.??.??"]
[Round "5"]
[White "Stempin, Pawel"]
[Black "Meszaros, Andras"]
[Result "0-1"]
[WhiteElo "2440"]
[BlackElo "2310"]

1.d4 Nf6 2.Nf3 g6 3.c4 Bg7 4.g3 O-O 5.Bg2 d6 6.Nc3 Nbd7 7.O-O e5 8.e4 exd4
9.Nxd4 Re8 10.f3 a6 11.Be3 Rb8 12.Rb1 Ne5 13.Qe2 c5 14.Nc2 b5 15.cxb5 axb5
16.b4 c4 17.Rfd1 Qc7 18.Qd2 Rd8 19.Nd4 Bd7 20.h3 Nd3 21.g4 h6 22.Nde2 Bc6
23.Bxh6 d5 24.Bxg7 Qb6+ 25.Kh2 Kxg7 26.exd5 Bxd5 27.Ng3 Qc7 28.Qg5 Bc6 29.Rf1 Nh7
30.Qe3 Nf4 31.Rfd1 Ng5 32.Nce2 Nxe2 33.Qxe2 Qf4 34.Qf2 Ra8 35.Kg1 Nxf3+ 36.Bxf3 Qxf3
37.Qxf3 Bxf3 38.Rf1 Rd3 39.Rb2 Bxg4 40.Kg2 Raa3  0-1

[Event "Bagneux"]
[Site "Bagneux"]
[Date "1992.??.??"]
[Round "7"]
[White "Stempin, Pawel"]
[Black "Djurovic, Dejan"]
[Result "1-0"]
[WhiteElo "2440"]
[BlackElo "2300"]

1.d4 Nf6 2.c4 g6 3.Nf3 Bg7 4.g3 O-O 5.Bg2 d6 6.Nc3 Nbd7 7.O-O e5 8.e4 exd4
9.Nxd4 Re8 10.h3 a6 11.Be3 Rb8 12.a4 Nc5 13.Qc2 a5 14.Rad1 Qe7 15.Rfe1 c6
16.Bf4 Nfd7 17.Ndb5 cxb5 18.Bxd6 Qf6 19.axb5 Ra8 20.f4 Bf8 21.Bxf8 Rxf8 22.Nd5 Qg7
23.e5 Rb8 24.b6 Ra8 25.Qf2 Kh8 26.Nf6 Ra6 27.Rd6  1-0

[Event "Balatonbereny op"]
[Site "Balatonbereny"]
[Date "1992.??.??"]
[Round "3"]
[White "Tregubov, Pavel V"]
[Black "Zimmerman, Yuri"]
[Result "1/2-1/2"]
[WhiteElo "2440"]
[BlackElo "2280"]

1.d4 Nf6 2.c4 g6 3.Nf3 Bg7 4.g3 O-O 5.Bg2 d6 6.O-O Nc6 7.d5 Na5 8.Nfd2 c5
9.Nc3 a6 10.Qc2 Rb8 11.b3 b5 12.Bb2 bxc4 13.bxc4 Bh6 14.f4 e5 15.dxe6 Bxe6
16.Nd5 Rxb2 17.Qxb2 Bg7 18.Qa3 Nxc4 19.Nxc4 Nxd5 20.Rac1 Nb4 21.e4 Bd4+ 22.Kh1 d5
23.Nd2 dxe4 24.Nxe4 Nxa2 25.Rcd1 Qb6 26.Rxd4 cxd4 27.Nf6+ Kg7 28.f5 Bxf5
29.Nd5 Qe6 30.Qxa2 Be4 31.Qa5 Qxd5 32.Qxd5 Bxd5 33.Bxd5 f5 34.Ra1 Rd8 35.Bc4 d3
36.Rd1 a5 37.Rxd3 Rxd3 38.Bxd3 a4 39.Kg2 a3 40.Bb1 Kf6 41.Kf3 g5 42.Ke3 Ke5
43.Ba2  1/2-1/2

[Event "Balatonbereny op"]
[Site "Balatonbereny"]
[Date "1992.??.??"]
[Round "5"]
[White "Tregubov, Pavel V"]
[Black "Kahn, Evarth"]
[Result "1-0"]
[WhiteElo "2440"]
[BlackElo "2300"]

1.d4 Nf6 2.c4 g6 3.Nf3 Bg7 4.g3 O-O 5.Bg2 d6 6.O-O Nbd7 7.Nc3 e5 8.e4 exd4
9.Nxd4 Re8 10.h3 Nc5 11.Re1 a5 12.b3 Bd7 13.Rb1 c6 14.Bf4 Bf8 15.Qc2 Nh5
16.Be3 Qe7 17.Rbd1 Rad8 18.Qd2 Bc8 19.Bg5 f6 20.Be3 Ng7 21.f4 Qc7 22.g4 f5
23.exf5 gxf5 24.Bf3 Qf7 25.Re2 Be7 26.Rg2 Bf6 27.Nd5 Bh4 28.gxf5 Kh8 29.Ne6 Ncxe6
30.fxe6 Bxe6 31.Bd4 Rg8 32.f5 Bxd5 33.Bxd5 cxd5 34.Qh6 Be7 35.f6 Bf8 36.fxg7+ Bxg7
37.Rxg7 Rxg7+ 38.Bxg7+ Qxg7+ 39.Qxg7+ Kxg7 40.Rxd5 b6 41.Rb5 Rb8 42.Kf2 Kf6
43.Ke3 Ke6 44.Kd4 Kd7 45.Rh5 Kc6 46.Rxh7 Rf8 47.Re7 Rf2 48.a4 Rd2+ 49.Kc3 Rh2
50.Re3 Kc5 51.Rd3 Rf2 52.Rd5+ Kc6 53.h4 Rh2 54.h5 Rh3+ 55.Kc2 Rh2+ 56.Kd1 Rh3
57.Rb5 Re3 58.Kd2 Re4 59.Rg5 Kc7 60.Rd5 Kc6 61.Rf5 Kc7 62.Kd3 Re1 63.Rf7+ Kc6
64.h6 Rh1 65.h7 Kc5 66.Rc7+ Kb4 67.Rb7 Kxb3 68.Rxb6+ Kxa4 69.Rb7 Ka3 70.Ke4 Rh5
71.Kf4 a4 72.Kg4 Rh1 73.Kg5 Ka2 74.Kg6 Rg1+ 75.Kf7 Rh1 76.Kg8 Rg1+ 77.Rg7 Rh1
78.h8=Q Rxh8+ 79.Kxh8 Kb3 80.Ra7 Kxc4 81.Rxa4+ Kc3 82.Ra5 Kc4 83.Kg7 d5 84.Kf6 d4
85.Ke5 d3 86.Ke4 d2 87.Rd5  1-0

[Event "BUL-chT (Women)"]
[Site "Bankia"]
[Date "1992.??.??"]
[Round "?"]
[White "Voiska, Margarita"]
[Black "Marinova, Elka"]
[Result "1-0"]
[WhiteElo "2345"]
[BlackElo "2075"]

1.d4 Nf6 2.c4 d6 3.Nf3 g6 4.g3 Bg7 5.Bg2 O-O 6.O-O Nbd7 7.Qc2 c6 8.Rd1 Qc7
9.e4 e5 10.dxe5 dxe5 11.h3 Nc5 12.Nc3 a5 13.Be3 b6 14.b3 Ba6 15.a3 Ne6 16.Rac1 Rfd8
17.Bf1 Nd7 18.b4 Ndf8 19.b5 Nd4 20.Nxd4 exd4 21.Bf4 Qe7 22.Na4 cxb5 23.Nxb6 bxc4
24.Bxc4 Ra7 25.Nd5 Qxa3 26.Bxa6 Rxa6 27.Rd3  1-0

[Event "Beijing"]
[Site "Beijing"]
[Date "1992.??.??"]
[Round "1"]
[White "Lin Weiguo"]
[Black "Antonio, Rogelio Jr"]
[Result "1-0"]
[WhiteElo "2495"]
[BlackElo "2520"]

1.d4 Nf6 2.c4 g6 3.g3 Bg7 4.Bg2 O-O 5.Nf3 d6 6.O-O Nbd7 7.Nc3 e5 8.h3 c6
9.Qc2 Qe7 10.e4 exd4 11.Nxd4 Re8 12.Be3 Nc5 13.Rfe1 a5 14.Nb3 Na6 15.a3 Qc7
16.Na4 Nd7 17.Rad1 b6 18.Bd4 Bf8 19.f4 Nac5 20.Nbxc5 Nxc5 21.Nxc5 bxc5 22.Bc3 a4
23.e5 Bf5 24.Qf2 Be6 25.f5 Bxc4 26.fxg6 hxg6 27.Qf6 Qd8 28.exd6 Rxe1+ 29.Rxe1 Qxf6
30.Bxf6 Be6 31.Rxe6 fxe6 32.d7 c4 33.Bxc6 Rb8 34.d8=Q Rxd8 35.Bxd8  1-0

[Event "BEL-ch"]
[Site "BEL"]
[Date "1992.??.??"]
[Round "13"]
[White "Meulders, Richard"]
[Black "Le Quang, Kim"]
[Result "1-0"]
[WhiteElo "2385"]
[BlackElo "2215"]

1.d4 Nf6 2.c4 g6 3.Nf3 Bg7 4.g3 O-O 5.Bg2 d6 6.O-O c6 7.h3 Na6 8.Nc3 Bf5
9.g4 Bd7 10.e4 c5 11.Be3 Rc8 12.d5 Ne8 13.Qd2 Nac7 14.Bh6 b5 15.e5 bxc4 16.Rfe1 Rb8
17.Re2 Bc8 18.Rae1 Nb5 19.Bxg7 Kxg7 20.a4 Nxc3 21.Qxc3 Kg8 22.Nd2 Ba6 23.exd6 exd6
24.Re7 Rb7 25.Rxb7 Bxb7 26.Nxc4 Nc7 27.Rd1 Re8 28.Qg3 Ba6 29.Nxd6 Re2 30.Ne4  1-0

[Event "Berliner Sommer"]
[Site "Berlin"]
[Date "1992.??.??"]
[Round "?"]
[White "Panchenko, Alexandar G"]
[Black "Poldauf, Dirk"]
[Result "1-0"]
[WhiteElo "2490"]
[BlackElo "2345"]

1.d4 Nf6 2.c4 g6 3.g3 Bg7 4.Bg2 O-O 5.Nf3 d6 6.O-O Nbd7 7.Qc2 e5 8.Rd1 Re8
9.Nc3 c6 10.b3 e4 11.Ng5 e3 12.fxe3 Nf8 13.e4 Qe7 14.Ba3 Ng4 15.Bc1 Bh6 16.Nf3 Be3+
17.Kf1 Qf6 18.h3 Bxd4 19.Rxd4 Nh2+ 20.Kf2 Nxf3 21.Rxd6 Qxd6 22.exf3 Be6 23.Be3 Rad8
24.g4 f6 25.Qb2 g5 26.Ne2 Nd7 27.Ng3 Ne5 28.Bf1 b6 29.Be2 c5 30.Rh1 Rf8 31.h4 h6
32.Qa1 Ng6 33.hxg5 hxg5 34.Rh6 Kg7 35.Bxg5 Ne5 36.Nh5+ Kg8 37.Bf4 Qe7 38.Bxe5 fxe5
39.Qxe5 Qh4+ 40.Kg2  1-0

[Event "Berliner Sommer"]
[Site "Berlin"]
[Date "1992.??.??"]
[Round "?"]
[White "Makarov, Marat"]
[Black "Markowski, Tomasz"]
[Result "1-0"]
[WhiteElo "2510"]
[BlackElo "2425"]

1.Nf3 Nf6 2.c4 g6 3.d4 Bg7 4.g3 O-O 5.Bg2 d6 6.O-O Nbd7 7.Qc2 e5 8.Rd1 Re8
9.e4 exd4 10.Nxd4 Nc5 11.Nc3 Qe7 12.f3 Ne6 13.Be3 Nxd4 14.Bxd4 c6 15.Qd2 Be6
16.b3 Red8 17.Rac1 Ne8 18.Bxg7 Nxg7 19.Re1 Qc7 20.Rcd1 Qa5 21.Re3 Ne8 22.Rd3 Rac8
23.h3 Rd7 24.f4 Rcd8 25.Kh2 Qh5 26.Rf1 Ng7 27.Nd1 Qc5 28.Nf2 a5 29.Qb2 a4
30.Qf6 Ne8 31.Qh4 axb3 32.axb3 Ra8 33.f5 gxf5 34.exf5 Bxf5 35.Qg5+ Ng7 36.Rd2 Qa5
37.Rfd1 Qc7 38.Be4 Bg6 39.Ng4 Ne8 40.Bxg6 fxg6 41.Re1 Kh8 42.Rde2 Ng7 43.Qf6 Rf7
44.Re8+  1-0

[Event "Berliner Sommer"]
[Site "Berlin"]
[Date "1992.??.??"]
[Round "?"]
[White "Espig, Lutz"]
[Black "Stern, Rene"]
[Result "1-0"]
[WhiteElo "2430"]
[BlackElo "2375"]

1.Nf3 Nf6 2.g3 g6 3.c4 Bg7 4.d4 O-O 5.Bg2 d6 6.O-O Nbd7 7.Qc2 e5 8.Rd1 Qe7
9.Nc3 c6 10.b3 Re8 11.e3 Nf8 12.Ba3 e4 13.Nd2 Bf5 14.d5 h5 15.dxc6 bxc6 16.b4 N8h7
17.Nb3 Bg4 18.Rd2 Ng5 19.Nd4 Nf3+ 20.Bxf3 Bxf3 21.Rc1 Ng4 22.Nxf3 exf3 23.b5 Nxe3
24.fxe3 Qxe3+ 25.Rf2 Bd4 26.Kf1 cxb5 27.Nxb5 Qxf2+ 28.Qxf2 Bxf2 29.Kxf2 Re2+
30.Kxf3 Rae8 31.Rc3 g5 32.g4 Rxh2 33.gxh5 f5 34.Bxd6 Rxa2 35.c5 Kf7 36.c6 Ra5
37.Rc5 Rc8 38.Rxf5+ Kg7 39.Rxg5+ Kf6 40.Rc5 Ra2 41.Be5+ Ke7 42.h6 Rf8+ 43.Ke3  1-0